| 000 | 00765cam a22002531 4500 | ||
|---|---|---|---|
| 001 | cd 36000016 | ||
| 003 | DLC | ||
| 005 | 20260227111147.0 | ||
| 008 | 790817r1933uuuunyu 000 0 eng | ||
| 010 | _acd 36000016 | ||
| 035 | _a(OCoLC)5284560 | ||
| 040 |
_aDLC _cNBuU _dNBuU _dPPiU _dDLC |
||
| 042 | _apremarc | ||
| 043 | _an-us--- | ||
| 050 | 0 | 0 |
_aHC106.3 _b.C87 |
| 100 | 1 |
_aCrowther, Samuel, _d1880-1947. |
|
| 245 | 1 | 0 |
_aSell America first / _cby Samuel Crowther. |
| 260 |
_a[New York : _bChemical Foundation], _cc1933. |
||
| 300 |
_a32 p. ; _c23 cm. |
||
| 440 | 0 |
_aDeserted village ; _vno. 1 |
|
| 500 | _aReprinted by special permission from The Saturday evening post. | ||
| 651 | 0 |
_aUnited States _xEconomic policy. |
|
| 651 | 0 |
_aUnited States _xCommerce. |
|
| 999 |
_c18517 _d18517 |
||